000 00840nam a22002777a 4500
001 BR9703749
003 BR-BrBNA
005 20230928095704.0
007 ta
008 230509b bl.||||| |||| 00| 0 por d
040 _aBR-BrBNA
_bpor
_cBiblioteca Nacional de Agricultura
041 _a(Por)
072 _aE14
090 _ E14 BR9703749
100 1 _aEvangelista, F.R.
110 1 _aEscola Superior de Agricultura Luiz de Queiroz, Piracicaba, SP (Brasil)
_0Tese (Mestre em Ciencias)
245 1 _aO excedente financeiro do setor agricola nordestino
260 3 _aPiracicaba, SP (Brasil):
_c1997.
300 _a136 p.
500 _a42 ref.; 39 tables; Summaries (Eng, Por)
650 _aDesenvolvimento Regional
650 _aEconomia Agricola
650 _aNordeste
909 _a202309
_bLucia
_c55
_dLucia Elande
942 _cBK
999 _c58095
_d58095